00897nam a2200193 a 4500001001000000003000600010005001700016008004100033040002500074082001700099100003400116245004400150260003600194300001900230590007500249952018100324952018100505999001700686000035442OCoLC20200930074339.0081127s1956 sp a 000 0 spa d aDO-SdBNPbspacBNPHU axxxxbF363zO1 aWast, Hugod1883-1962.96127810aObras completas Hugo Wast /cHugo Wast. aMadrid :bEdiciones Fax,c1956. a2 v. ;c20 cm. aPerteneció a la biblioteca personal de Juan Isidro Jimenes Grullón 001050718MOaGRbGRcCTd2011-10-31iLF1l0ov. 1p35442-10r2020-06-25w2020-06-25y1zPerteneció a la biblioteca personal de Juan Isidro Jimenes -GrullónZNo se presta 001050718MOaGRbGRcCTd2011-10-31iLF1l0ov. 2p35442-20r2020-06-25w2020-06-25y1zPerteneció a la biblioteca personal de Juan Isidro Jimenes -GrullónZNo se presta c34933d34933